00823nam a22002297a 450000500170000001000150001702000260003203500140005803700090007208200160008124500840009725000060018126000440018727000480023130000200027970000330029970000420033270000340037494200300040899900190043895201360045720240806162523.0 aENG-141243 c865.00a9788171773930 aEN-124777 bDBAD a338.6420954 aIndustry 5.0 and paradigm shift :bemerging challenges/cby editor: Namit Gupta a1 aNoidabAllied Publisher Pvt. Ltd.c2023 bUttar PradeshaD-5, sector-2, noidae201301 a356pc22cm(pbk) a Editor-Roopa Shinde969629 a Editor-Rakesh Kumar Malviya 969630 a Editor- Anjali Gupta969631 2ddccENh338.6420954mIND c204906d204906 001040708NFICaBL4bBL4d2024-08-06eDBADg750.00l0o338.6420954 INDpEN-124777r2024-08-06 00:00:00t1v750.00w2024-08-06yEN